Welcome to the Holygrace Academy Library

Please use search bar below to get started

GUY DE MAUPASSANT (Record no. 8002)

MARC details
000 -LEADER
fixed length control field 00317nam a22001337a 4500
020 ## - INTERNATIONAL STANDARD BOOK NUMBER
ISBN 978-0-14-044358-5
082 ## - DEWEY DECIMAL CLASSIFICATION NUMBER
Classification number 823
Item number PIE/G
100 ## - MAIN ENTRY--AUTHOR NAME
Personal name PIERRE AND JEAN
245 ## - TITLE STATEMENT
Title GUY DE MAUPASSANT
260 ## - PUBLICATION, DISTRIBUTION, ETC. (IMPRINT)
Place of publication LONDON
Name of publisher PENGUIN CLASSICS
Year of publication 1979
300 ## - PHYSICAL DESCRIPTION
Number of Pages 175
650 ## - SUBJECT ADDED ENTRY--TOPICAL TERM
Topical Term ENGLISH LITERATURE
Geographic subdivision UNITED KINGDOM
942 ## - ADDED ENTRY ELEMENTS (KOHA)
Koha item type Books
Holdings
Withdrawn status Lost status Collection code Home library Current library Shelving location Date acquired Source of acquisition Cost, normal purchase price Full call number Accession Number Koha item type
    Fiction Main Library Main Library NEW SHELF WITH NEW ENTRY 22/12/2023 purchase 240.00 823 PIE/G 13526 Books